Riyasat Hyderabad Aur Past Aqwam. (Record no. 4261)

MARC details
000 -LEADER
fixed length control field 00591nam a2200241 a 4500
020 ## - INTERNATIONAL STANDARD BOOK NUMBER
ISBN
082 00 - DEWEY DECIMAL CLASSIFICATION NUMBER
Classification number 306.0899145
Author Cutter SHA1
100 ## - MAIN ENTRY--AUTHOR NAME
Author name Sham, Sunder B
245 ## - TITLE STATEMENT
Title Riyasat Hyderabad Aur Past Aqwam.
260 ## - PUBLICATION, DISTRIBUTION, ETC. (IMPRINT)
Place of publication Hyderabad
Name of publisher Osmania University
Year of publication 1944
300 ## - PHYSICAL DESCRIPTION
Number of Pages 53p
500 ## - GENERAL NOTE
General note includes index and biblioraphy
505 2# - FORMATTED CONTENTS NOTE
Formatted contents note Thesis
650 ## - SUBJECT ADDED ENTRY--TOPICAL TERM
Topical Term Caste-India-Himalaya
942 ## - ADDED ENTRY ELEMENTS (KOHA)
Koha item type Books
700 1# -
-- Sham, Sunder B
Holdings
Collection code Home library Current library Date acquired Cost, normal purchase price Full call number Accession Number Koha item type
  Henry Martyn Institute Library Henry Martyn Institute Library 04/02/2007 20.00 306.0899145 SHA1 06262 Books
                   Copyright © 2026 | Henry Martyn Institute | Hyderabad | TS-500052 | INDIA | Implemented by hmi.edu.in
Hit-Count:

Powered by Koha